000 00586nam a22002057a 4500
999 _c6349
_d6349
003 AR-CdUCM
008 190315b ||||| |||| 00| 0 spa d
040 _aMUNICIPALIDAD PROVINCIAL DEL CUSCO
_cBIBLIOTECA MUNICIPAL DEL CUSCO
082 _a869.56 /
_bM36
100 _aMedina García, Lucio
_918134
245 _aLa espera del hombre /
260 _aTrujillo :
_c1997.
300 _a161 páginas ;
_c21 cm.
505 _aContenido : Poesía
650 _aPoesía
_9444
650 _aPoetas peruanos
_91611
650 _aLiteratura
_9416
942 _2ddc
_cLIBROS
945 _admma